000 01196nam a22002777a 4500
005 20240530110612.0
008 160903s2013 au g 000 0dara d
017 _a9419/2012
_bمصر . دار الكتب المصريه
020 _a9789772161041
040 _aEG-CaGPL
082 0 4 _221
_a306.42\
_bب ض
100 1 _aبرلن ، أزيا .
245 1 0 _aضلع الانسانيه الاعوج /
_cتاليف ازيا برلن ؛ تحرير هنري هاردي ؛ ترجمة محمد زاهي المغيربي ، نجيب الحصادي .
260 _aالقاهره :
_bالمركز القومي للترجمه ،
_c2013 .
300 _a308 ص ؛
_c24 سم .
490 0 _aالمشروع القومي للترجمه . فصول في تاريخ الافكار
_v2115
650 0 4 _aاالطموح البشرى .
650 0 4 _aالاخلاق .
650 0 4 _aالمساواه .
650 0 4 _aالوحده الاوربيه .
700 1 _aهاردي ، هنري
_eمحرر
700 0 _aمجمد زاهي المغيربي
_eمترجم
700 0 _aنجيب الحصادي
_eمترجم مشارك
942 _2ddc
_cBK
999 _c62888
_d62888